| 000 | 00000nam 2200000zi 4500 |
| 001 | 9.932015 |
| 003 | CaOODSP |
| 005 | 20251103145127 |
| 006 | m o d f |
| 007 | cr cn||||||||| |
| 008 | 240103t20232023oncd ob f000 0 fre d |
| 020 | |a9780660694610 |
| 040 | |aCaOODSP|bfre|erda|cCaOODSP |
| 043 | |an-cn--- |
| 086 | 1 |aJ4-153/2024F-PDF |
| 100 | 1 |aNdegwa, Anna, |eauteur. |
| 245 | 10|aApplication de l'arrêt R c. Gladue : |butilisation des rapports et des principes Gladue / |cAnna Ndegwa, Laura Gallant, Jane Evans. |
| 264 | 1|aOttawa (Ontario) : |bDepartment of Justice Canada = Ministère de la Justice Canada, |c2023. |
| 264 | 4|c©2023 |
| 300 | |a1 ressource en ligne (29 pages) : |bgraphiques |
| 336 | |atexte|btxt|2rdacontent/fre |
| 337 | |ainformatique|bc|2rdamedia/fre |
| 338 | |aressource en ligne|bcr|2rdacarrier/fre |
| 500 | |aTitre de la couverture. |
| 500 | |aPublié aussi en anglais sous le titre : Applying R v Gladue: the use of Gladue reports and principles. |
| 504 | |aComprend des références bibliographiques. |
| 650 | 6|aAutochtones|xDroits|zCanada. |
| 650 | 6|aJustice peĢnale|xAdministration|zCanada. |
| 650 | 6|aSentences (Procédure pénale)|zCanada. |
| 650 | 6|aDiscrimination dans l'administration de la justice pénale|zCanada. |
| 710 | 1 |aCanada. |bMinistère de la justice, |eorganisme de publication. |
| 775 | 08|tApplying R v Gladue : |w(CaOODSP)9.932013 |
| 856 | 40|qPDF|s660 Ko|uhttps://publications.gc.ca/collections/collection_2024/jus/J4-153-2024-fra.pdf |
| 856 | 4 |qHTML|sS.O.|uhttps://www.justice.gc.ca/fra/pr-rp/jr/gladue2/index.html |